MDQL
is popping MORE tags! Check the
thread
!
Quizzes
Events
Quiz Creation
Community
Videos
Private Events
Remove Ads
Sign In
Join for FREE
Feedback
Dark Mode
Quiz Categories
Sports
Geography
Music
Movies
Television
Just For Fun
Miscellaneous
History
Literature
Language
Science
Gaming
Entertainment
Religion
Holiday
For Kids
Quiz Lab
Recent
Popular Today
Quiz Kudos Today
Editor Picks
Curator Picks
Quizzes by...
Day
Popularity
Type
Ratings
Length
Year
Community
Subscriptions
Recent Discussions
Orange Saloon
Badges
Playlists
Quests
Create
Leaderboards
Showdown
Live 5
Trivia Bingo
Activity
Puzzle Library
Sporcle Events
Private Events
Virtual Trivia
Globe League
Become a Host
Pub Owners
SporcleCon
Opinionation
Our Games
Videos
Blog
Mobile Apps
Partnerships
Remove Ads and Go Orange
Feedback
Sports
Athletes
MLB
NBA
NHL
NFL
Soccer
Sports Teams
WWE
NCAA
Football
Premier League
Basketball
Baseball
Hockey
Golf
Tennis
Cricket
Rugby
Auto Racing
Olympics
World Cup
Sports
Athletes
MLB
NBA
NHL
NFL
Soccer
Sports Teams
WWE
NCAA
Football
Premier League
Basketball
Baseball
Hockey
Golf
Tennis
Cricket
Rugby
Auto Racing
Olympics
World Cup
Random Quiz
Search Sporcle
×
Curator Pick
Curator Pick
Sports
WWE
Type in answers that appear in a list
Type in answers that appear in a list
Classic
Best Score? Go Orange.
New Years WWE Champions Stats
Can you name the wrestlers who were WWE Champions on new years day?
By
instantclassic27
7m
50 Questions
12.7K Plays
12,671 Plays
12,671 Plays
Comments
Comments
Give Quiz Kudos
Give Quiz Kudos
-
- Ratings
hide this ad
Replay
Link that replays current quiz
Next Quiz
Link to next quiz in quiz playlist
You Got
0%
They Got
Avg Score
79%
Avg Friend Score
Upgrade to see
Score Distribution
Jump to the score distribution portion of the page
Score
0/50
Timer
07:00
0
Plays Today
Year
Champion
% Correct
2006
John Cena
96.8%
2007
John Cena
96.8%
1985
Hulk Hogan
94.8%
1986
Hulk Hogan
94.8%
1987
Hulk Hogan
94.8%
1988
Hulk Hogan
94.8%
1990
Hulk Hogan
94.8%
1999
The Rock
93.2%
1998
Shawn Michaels
91.1%
2012
CM Punk
90.8%
2013
CM Punk
90.3%
2008
Randy Orton
89.9%
1993
Bret Hart
88.5%
1996
Bret Hart
88.5%
1964
Bruno Sammartino
84%
1965
Bruno Sammartino
84%
1966
Bruno Sammartino
84%
1967
Bruno Sammartino
84%
1968
Bruno Sammartino
84%
1969
Bruno Sammartino
84%
1970
Bruno Sammartino
84%
1971
Bruno Sammartino
84%
1974
Bruno Sammartino
84%
1975
Bruno Sammartino
84%
1976
Bruno Sammartino
84%
Year
Champion
% Correct
1977
Bruno Sammartino
84%
1989
Randy Savage
83%
2001
Kurt Angle
82.3%
2003
Kurt Angle
82.3%
2004
Brock Lesnar
81.6%
1991
The Ultimate Warrior
79.9%
2000
The Big Show
79.5%
2002
Chris Jericho
78.9%
1995
Diesel
77.6%
1979
Bob Backlund
76.7%
1980
Bob Backlund
76.7%
1981
Bob Backlund
76.7%
1982
Bob Backlund
76.7%
1983
Bob Backlund
76.7%
1994
Yokozuna
76.3%
2005
JBL
72.3%
1984
The Iron Sheik
70.6%
1997
Sycho Sid
67.8%
2011
The Miz
66.6%
2009
Jeff Hardy
64.8%
1972
Pedro Morales
63.7%
1973
Pedro Morales
63.7%
2010
Sheamus
63.2%
1978
Billy Graham
57.4%
1992
Vacant
43.1%
Quiz Playlist
Details
Report
Send in Message
Add To Playlist
Classic:
Type in answers that appear in a list
Last Updated: Feb 16, 2017
Curator Pick in
WWE
Quiz Scoreboard
CHALLENGE
Sign Up to Join the Scoreboard
Show All
Scores
Hide
Comments
May contain spoilers
Recently Published
Image Sorting: Flags VI
by Barbecue
Geography
2m
Find the 'City' Movie
by crazypaving
Movies
60s
5x2 Blitz: Bands
by SL_Kpop136
Music
30s
More to Explore
Quiz From the Vault
Featured Blog Post
14 Easter Pick-up Lines to Find Eggs With
hide this ad
You Might Also Like...
Tags
WWE Quiz
champion
Wrestlers
Today's Top Quizzes in Sports
Browse Sports
hide this ad
Today's Top Quizzes in WWE
Browse WWE
Top Contributed Quizzes in Sports
1
Les meilleurs buteurs des matchs entre le PSG et l’OM
2
Les entraîneurs de l'OM et du PSG au 21e siècle
3
Les joueurs passés par le PSG et l'OM
4
2022 World Cup Stars
5
Players with Multiple 50 Home Run Seasons
6
Criteria MLB: Left Handed Sluggers
7
MLB Players with Two .350 Batting Average Seasons
8
Les joueurs passés par le LOSC et le RC Lens
9
NBA Logic Puzzle 2.0
10
Top 10 NHL Goal Scorers of All Time
Explore More
Trending Topics
Anime
Disney
Harry Potter
Crossword
Kpop
Marvel
NBA
The Office
Country
Song
Puzzle
Soccer
WWE
NFL
Pokémon
hide this ad
More By:
instantclassic27
Quiz
Plays
Rating
Category
Featured
Created
New Years WWE Champions
12,671
4.02
Sports
Sep 27, 2009
Brock Lesnar WWE PPV Opponents
12,232
3.84
Sports
Oct 23, 2009
Wrestling Nicknames
2,098
3.67
Sports
Sep 30, 2009
WWE/WWF Hardcore Champions
485
4.40
Sports
Sep 26, 2009
Go to Creator's Profile
Score Distribution
Quiz Creator Spotlight
instantclassic27
Follow
Send a Message
Quizzes Created
-
Created Quiz Play Count
-
More By This Creator
Popular Quizzes Today
1
Colored Red Africa Blitz
2
Find the US States - No Outlines Minefield
3
Find the 'City' Movie
4
5x2 Blitz: Bands
5
The Countries of the World
6
Find the US States
7
Find the Countries of Europe - No Outlines Minefield
8
US States
More Sports Quizzes
BCS Bowl Games
Published
Trending Quizzes
Colored Red Europe Blitz I
Colored Red Europe Blitz II
Colored Red Africa Blitz II
Colored Red Europe Blitz III
Colored Red Africa Blitz III
Recently Updated
How Do You Spell That?
pecheneg
Godzilla Movies
pecheneg
Grab Bag: 4-10 Letters
pecheneg
2024 March Madness Bracket
pecheneg
Famous TV Couples
Peacemaker
Champions League XIs: Real Madrid
pecheneg
Largest US Cities 1790-2010
pecheneg
Rides in Walt Disney World
pecheneg
Most Oscar Losses (Acting)
pecheneg
Beyoncé Albums
pecheneg
Trending Topics
Marvel
NBA
Anime
Kpop
Harry Potter
Disney
Crossword
Puzzle
The Office
Pokémon
Soccer
Country
Song
NFL
WWE
Your Account Isn't Verified!
In order to create a playlist on Sporcle, you need to verify the email address you used during registration. Go to your
Sporcle Settings
to finish the process.
Report this User
Report this user for behavior that violates our
Community Guidelines
.
Details:
Send Report
Go to the Sporcle.com Mobile Site →
Comments